000 00474nam a22001697a 4500
005 20251108172921.0
008 250721s2004 xx 000 0 ara d
082 1 4 _a133.5/ رب
100 1 _aأبو الرب، أحمد محمود
245 1 0 _aأسرار الأرقام في حياة الإنسان /
264 1 _aعمان :
_bالمؤلف،
_c2004.
300 _a154ص
650 1 7 _aالأبراج
650 1 7 _aالتنجيم
942 _2ddc
_cBK
999 _c91741
_d91741